000 01698nam0a2200325 4500
001 RU\NLR\BIBL_A\011149212
005 20260406095253.0
010 _a978-5-85247-829-0
_9999
021 _aRU
_b2016-30969
_92000
035 _a(NLR Aleph) 011149212
090 _a11662934
_c11662934
100 _a20160608d2016 m y0rusy50 ca
101 0 _atat
102 _aRU
105 _ay z 000 y
200 1 _aБаланнарда бал тәме
_e[повестьлар, хикәя]
_fАйгөл Әхмәтгалиева
210 _aКазан
_cИдел-Пресс
_d2016
215 _a287,[1] б.
_d21
327 _aСодерж.: Таллыкүлдә былбыл бар : повесть ; Тузганак керефеге : повесть ; Баланнарда бал тәме : хикәя
464 0 _12001#$aТаллыкүлдә былбыл бар$eповесть
_1700#1
_tТаллыкүлдә былбыл бар
_a
464 0 _12001#$aТузганак керефеге$eповесть
_1700#1
_tТузганак керефеге
_a
464 0 _12001#$aБаланнарда бал тәме$eхикәя
_1700#1
_tБаланнарда бал тәме
_a
541 1 _6z01790
_a[Сладкий привкус калины
_eповести, рассказ].
_zrus
686 1 _aШ6(2=Тат)7-4
700 1 _4070
_8tat
_7ca
_aӘхмәтгалиева
_bА. Г. кызы
_f1973-
_gАйгөл Габдулла кызы
_3RU\NLR\auth-onl\771242
_9131297
790 1 _4070
_7ca
_8rus
_aАхметгалиева
_bА. Г.
_f1973-
_gАйгуль Габдулловна
_3RU\NLR\AUTH\770287684
_92689657
852 _aNLR
_bОНЛ
_jТатар./3-14754
942 _cBOOK
980 _aNB